Fundamentals of Mechatronics, SI
Saved in:
| Main Author: | |
|---|---|
| Format: | Book |
| Language: | English |
| Published: |
Cengage Learning
2013
|
| Tags: |
Add Tag
No Tags, Be the first to tag this record!
|
MARC
| LEADER | 00000nam a22000007a 4500 | ||
|---|---|---|---|
| 008 | 210122b ||||| |||| 00| 0 eng d | ||
| 020 | |a 978-1-111-56902-0 | ||
| 100 | |a JOUANEH, Musa. | ||
| 245 | |a Fundamentals of Mechatronics, SI |c Musa Jouaneh |g xiv; 399p.; ill. | ||
| 260 | |b Cengage Learning |c 2013 |d Books |h Stamford, USA |i 690957 |i 690958 |l TJ163.12 .J82 |m Mechatronics. |m Microcontrollers |m Detectors |m Actuators | ||
| 500 | |a “It includes bibliographic index and appendix” | ||
| 942 | |a lcc |c BK |e Adekanye I. H. |f 22/01/2021 | ||
| 952 | |0 0 |1 0 |2 lcc |4 0 |6 TJ016312 J82 |7 0 |9 1608 |a HOL |b SL |c QZ |d 2021-01-22 |l 0 |o TJ163.12 .J82 |p 2021-0396 |r 2021-01-22 00:00:00 |w 2021-01-22 |y BK | ||
| 952 | |0 0 |1 0 |2 lcc |4 0 |6 TJ016312 J82 |7 0 |9 1629 |a HOL |b HOL |c QZ |d 2021-01-22 |l 0 |o TJ163.12 .J82 |p 2021-0416 |r 2021-01-22 00:00:00 |w 2021-01-22 |y BK | ||
| 999 | |c 852 |d 852 | ||